000 00469nam a2200181Ia 4500
001 22918
005 20260414150902.0
008 260414t2011||||xx |||||||||||||| ||spa||
041 _aESP
082 _a624.17
_bV47
100 _aVera Lázaro, Alejandro
_eAUT
245 0 _aDinámica estructural :
_bproblemas resueltos. Aplicaciones con matlab
260 _c2011
300 _a179 páginas :
_c25 cm.
650 _a0
654 _aCIC
942 _cLIB
_dJUS
_fJUS
_2ddc
_n
999 _c22918
_d22918